El complejo oleajinoso argentino frente al proteccionismo mundial en los ´90 (Registro nro. 23199)

Detalles MARC
000 -LEADER
fixed length control field 00406 a2200121 4500
001 - CONTROL NUMBER
control field ART_10680
005 - DATE AND TIME OF LATEST TRANSACTION
control field 20260410161831.0
008 - FIXED-LENGTH DATA ELEMENTS--GENERAL INFORMATION
fixed length control field 260409a
100 1# - MAIN ENTRY--PERSONAL NAME
Personal name Sonnet, Fernando H.
245 10 - TITLE STATEMENT
Title El complejo oleajinoso argentino frente al proteccionismo mundial en los ´90
700 1# - ADDED ENTRY--PERSONAL NAME
Personal name Lamfre, Laura S.
773 0# - HOST ITEM ENTRY
Title Actualidad Económica
Related parts - Año XII, Nº 53 (ago./dic. 2002)
Record control number REV5083

No hay ítems disponibles.